000 00374 a2200157 4500
001 14069
020 _a9788506079775
040 _cAnchieta - Aquarius
100 _aAgualusa, José Eduardo
240 1 0 _aA rainha dos estapafúdios
_lpor
245 1 0 _aA rainha dos estapafúdios
300 _a28p.
362 0 _a2016
650 4 _aLiteratura infanto-juvenil
942 _cBK
999 _c14069
_d14069